Tina Fey Filmography - Statistics

General Stats
  • This quiz has been taken 66 times
    4 since last reset
  • The average score is 43 of 131
Answer Stats
Type Year Name % Correct
Film 2004 Mean Girls
100%
Playwright 2017-2018 Mean Girls
100%
Film 2024 Mean Girls
100%
TV Show 2006-2013 30 Rock
67%
Film 2008 Baby Mama
67%
Film 2008 Ponyo
67%
TV Show 1997-2006, 2008-2025 Saturday Night Live
67%
Film 2020 Soul
67%
Short Film 2021 22 vs. Earth
33%
Documentary Series 2004, 2008 60 Minutes
33%
Award Show 2013 70th Golden Globe Awards
33%
Award Show 2014 71st Golden Globe Awards
33%
Award Show 2015 72nd Golden Globe Awards
33%
Award Show 2021 78th Golden Globe Awards
33%
Web Series 2013, 2014, 2019 Above Average Presents
33%
TV Show 2010 Ace of Cakes
33%
Film 2013 Admission
33%
Film 2023 A Haunting in Venice
33%
Commercial 2019 Allstate
33%
Commercial 2007-2018 American Express
33%
Film 2013 Anchorman 2: The Legend Continues
33%
TV Special 2020 A One-Time Special
33%
Film 2007 Aqua Teen Hunger Force Colon Movie Film for Theaters
33%
Film 2006 Artie Lange's Beer League
33%
TV Special 2005 A.S.S.S.S.C.A.T.: Improv
33%
TV Show 2019 Beat Bobby Flay
33%
Documentary 2022 Betty White: A Celebration
33%
TV Special 2012 Betty White's 90th Birthday: A Tribute to America's Golden Girl
33%
Documentary Series 2002 Biography
33%
TV Show 2022, 2024 Bob's Burgers
33%
TV Special 2023 Carol Burnett: 90 Years of Laughter + Love
33%
TV Special 2022 Celebrating Betty White: America's Golden Girl
33%
TV Show 2013 Celebrity Style Story
33%
TV Special 2006 Christmas in Rockefeller Center
33%
Web Series 2014 Comedians in Cars Getting Coffee
33%
Documentary Series 2004 Dateline NBC
33%
Film 2010 Date Night
33%
Video Game 1999 Deer Avenger 2: Deer in the City
33%
Web Series 2016 Difficult People
33%
TV Special 2014 Don Rickles: One Night Only
33%
Theater 2000 Dratch & Fey
33%
Web Series 2019 Dressing Funny
33%
Documentary 2013 Elaine Stritch: Shoot Me
33%
Documentary Series 2014 Finding Your Roots with Henry Louis Gates, Jr.
33%
Film 2021 Free Guy
33%
Commercial 2012-2016 Garnier Nutrisse
33%
Web Series 2021 Girls5eva
33%
TV Show 2017-2018 Great News
33%
TV Show 2022 Great Performances
33%
Documentary Series 2021 History of the Sitcom
33%
TV Special 2012 Hurricane Sandy: Coming Together
33%
TV Show 2012 iCarly
33%
Documentary 2007 Impaler
33%
TV Show 2015 Inside Amy Schumer
33%
TV Show 2007 Iron Chef America: The Series
33%
TV Show 2019 Jeopardy!
33%
TV Show 2005 Just for Laughs
33%
TV Special 2021 Lifetime Presents Variety's Power of Women - the Comedians
33%
Documentary 2015 Live from New York!
33%
Documentary 2026 Lorne
33%
Film 2023 Maggie Moore(s)
33%
Film 2006 Man of the Year
33%
Web Series 2020 Mapleworth Murders
33%
Film 2002 Martin & Orloff
33%
TV Show 2016 Maya & Marty
33%
Video Game 1997 Medieval Madness
33%
Film 2010 Megamind
33%
Web Series 2019 Modern Love
33%
Documentary 2015 Monkey Kingdom
33%
Web Series 2023-Present Mulligan
33%
Film 2014 Muppets Most Wanted
33%
Web Series 2018 My Next Guest Needs No Introduction
33%
TV Special 2002 NBC 75th Anniversary Special
33%
TV Special 2003, 2008, 2010, 2012 Night of Too Many Stars
33%
TV Special 2020 One Night Only: The Best of Broadway
33%
Web Series 2021-Present Only Murders in the Building
33%
TV Show 2009 Phineas and Ferb
33%
Documentary Series 2014, 2019 Pioneers of Television
33%
TV Special 2020 Rise Up New York: The Robin Hood Relief Benefit
33%
Video Game 1999 Sabrina the Teenage Witch: Brat Attack
33%
TV Special 1999 Saturday Night Live 25
33%
TV Special 2015 Saturday Night Live 40th Anniversary Special
33%
TV Documentary 2007 Saturday Night Live in the '90s: Pop Culture Nation
33%
TV Special 2001 Saturday Night Live: Mother's Day Special
33%
TV Show 2026 Saturday Night Live: UK
33%
TV Special 2003 Saturday Night Live Weekend Update Halftime Special
33%
TV Show 2008 Saturday Night Live: Weekend Update Summer Edition
33%
Documentary Mini-Series 2006 Second City: First Family of Comedy
33%
TV Show 2007 Sesame Street
33%
Film 2015 Sisters
33%
Documentary Mini-Series 2025 SNL50: Beyond Saturday Night
33%
TV Special 2025 SNL50: The Anniversary Special
33%
TV Special 2002 SNL Remembers John Belushi
33%
TV Film 2004 Soundtracks Live
33%
TV Show 2009 SpongeBob SquarePants
33%
TV Special 2017 Stand for Rights
33%
Documentary Series 2024 Steve! (Martin): A Documentary in 2 Pieces
33%
Documentary 2016 Thank You, Del: The Story of the Del Close Marathon
33%
TV Special 2013 The 16th Annual Kennedy Center Mark Twain Prize for American Humor: Carol Burnett
33%
Web Series 2013 The Awesomes
33%
TV Special 2017 The Carol Burnett 50th Anniversary Special
33%
TV Show 2001 The Challenge
33%
TV Show 2012 The Chris Gethard Show: Public Access
33%
Documentary Series 2017 The Essentials
33%
Web Series 2025-Present The Four Seasons
33%
Film 2009 The Invention of Lying
33%
TV Special 2012 The Kennedy Center Honors: A Celebration of the Performing Arts
33%
TV Special 2005 The Mark Twain Prize: Lorne Michaels
33%
TV Show 2010 The Marriage Ref
33%
TV Special 2017 The Paley Center Salutes NBC's 90th Anniversary
33%
TV Show 2013 The Simpsons
33%
Film 2014 This Is Where I Leave You
33%
TV Special 2010 Tina Fey: The Mark Twain Prize
33%
TV Show 1999 Upright Citizens Brigade
33%
TV Special 2001 VH1 Divas Live: The One and Only Aretha Franklin
33%
Commercial 2015 Walgreens
33%
Film 2016 Whiskey Tango Foxtrot
33%
Documentary 2024 Will & Harper
33%
Film 2019 Wine Country
33%
TV Special 2015 AFI Life Achievement Award: A Tribute to Steve Martin
0%
Web Series 2020 Cup of Joe
0%
Film 2009 Elmo and the Bookaneers
0%
Documentary Series 2005, 2007 E! True Hollywood Story
0%
Theater 2021 Freestyle Love Supreme
0%
Commercial 2017 Honda CR-V
0%
TV Special 2018 Power of a Wish Gala
0%
TV Documentary 2011 Saturday Night Live Backstage
0%
TV Documentary 2010 Saturday Night Live in the 2000s: Time and Again
0%
Web Special 2025 SNL50: The Homecoming Concert
0%
TV Documentary 2010 The Women of SNL
0%
Web Series 2015-2017 Unbreakable Kimmy Schmidt
0%
No matching quizzes found
Score Distribution
Percent of People with Each Score
Percentile by Number Answered
Your Score History
You have not taken this quiz since the last reset